Установка для моделирования трения и износа в процессе резания; Доклады IV научно- технической конференции "Технический прогресс в машиностроении"

গ্রন্থ-পঞ্জীর বিবরন
Parent link:Доклады IV научно- технической конференции "Технический прогресс в машиностроении".— 1972.— С. 167-170
প্রধান লেখক: Кожевников Д. В.
অন্যান্য লেখক: Дятчин Н. И.
প্রকাশিত: 1972
বিষয়গুলি:
বিন্যাস: গ্রন্থের অধ্যায়
KOHA link:https://koha.lib.tpu.ru/cgi-bin/koha/opac-detail.pl?biblionumber=594055

MARC

LEADER 00000naa0a2200000 4500
001 594055
005 20250617142720.0
035 |a (RuTPU)RU\TPU\tpu\8156 
090 |a 594055 
100 |a 20020118d1972 k||y0rusy50 ca 
102 |a RU 
200 1 |a Установка для моделирования трения и износа в процессе резания  |f Д. В. Кожевников, Н. И. Дятчин 
463 |t Доклады IV научно- технической конференции "Технический прогресс в машиностроении"  |v С. 167-170  |d 1972 
610 1 |a резание металлов 
610 1 |a моделирование 
610 1 |a труды учёных ТПУ 
700 1 |a Кожевников  |b Д. В. 
701 1 |a Дятчин  |b Н. И. 
801 0 |a RU  |b 63413507  |c 20020118  |g PSBO 
801 2 |a RU  |b 63413507  |c 20091002  |g RCR 
850 |a 63413507 
942 |c BK